| 000 | 00335nam a2200109Ia 4500 | ||
|---|---|---|---|
| 008 | 230907s9999||||xx |||||||||||||| ||und|| | ||
| 082 |
_a621.04203 _bBEC |
||
| 100 |
_aBeck, Gene _9115784 |
||
| 245 |
_aDictionary of 21st century energy technologies, financing and sustainability / _cGene Beck. |
||
| 260 | _c2019-09-27 | ||
| 942 |
_2ddc _cEB |
||
| 999 |
_c599621 _d599621 |
||